00531nam a2200193 i 4500001001100000003000500011005001700016008004100033040002500074082001200099090001700111245004300128264007000171336002100241337002500262338002300287942001000310999001700320C2-0281163PPAK20180728011832.0070805s2001 my |||| ||||| | may d aPPAKbengcPPAKerda04a32022300a320bPOLdKK00aPolitik (Keratan Akhbar Koleksi Kedah) 1aAlor Setar, Kedah : bPerbadanan Perpustakaan Awam Kedah , c2001 2rdacontentatext 2rdamediaaunmediated 2rdacarrieravolume ddccB c87540d87540